000
00308nam a2200121Ia 4500
008
240624s9999 xx 000 0 und d
041
_a
eng
082
_a
658.15 CHA
100
_a
CHANDRA PRASANNA
245
_a
STRATEGIC FINANCIAL MANAGEMENT
260
_c
2015
_a
New Delhi
_b
Tata McGraw-Hill
365
_c
RS
_b
33
999
_c
25879
_d
25879